00609nam a2200169 a 4500008004100000020001800041040002500059041000800084044001100092080001200103100003700115245011800152250001200270260007600282300007200358490000900430951031s1995||||xo 0 slo c a8088784050c0 aSNKbslocSNKeAACR21 aslo axocSK a51(035)1 aKadlečková, Magdaléna4aut10aMatematikabZákladné požiadavky pre prijímacie skúšky na vysoké školycMagdaléna Kadlečková a1. vyd. aBanská BystricabPedagogická spoločnosť J.A. Komenskéhoc1995 a114 s.bGrafy, sch., tab., lit. 9 zázn. v češ. a slov.c20 cm0 aAlef